Simulácia procesu získavania a výberu pracovníkov pre podnik VULKMONT, a.s. Košice diplomová práca

Enregistré dans:
Détails bibliographiques
Auteur principal: Novysedláková, Eva
Collectivité auteur: Podnikovohospodárska fakulta EU so sídlom v Košiciach. Katedra manažmentu
Autres auteurs: Bašistová, Alena
Format: Livre
Langue:slovaque
Publié: Košice 2010
Tags: Ajouter un tag
Pas de tags, Soyez le premier à ajouter un tag!

MARC

LEADER 00000nam$a2200000$$$4500
001 0122397
005 20240318123423.5
041 0 |a slo 
044 |a SK 
245 1 0 |a Simulácia procesu získavania a výberu pracovníkov pre podnik VULKMONT, a.s. Košice  |b diplomová práca  |c Eva Novysedláková ; škol. Alena Bašistová 
264 1 |a Košice  |c 2010 
300 |a 81 s. 
100 1 |a Novysedláková, Eva 
700 1 |a Bašistová, Alena 
710 2 |a Podnikovohospodárska fakulta EU so sídlom v Košiciach. Katedra manažmentu